Centroamérica: la democracia como experiencia y posibilidad

保存先:
書誌詳細
第一著者: Menjívar Larín, Rafael
フォーマット: テキスト
出版事項: San José: ICADIS
タグ: タグ追加
タグなし, このレコードへの初めてのタグを付けませんか!

MARC

LEADER 00000 a a2200000 04500
001 24287
003
040 |a CRAI/IIS  |c CRAI/IIS 
090 |a 166500  
100 |a Menjívar Larín, Rafael  
245 |a Centroamérica: la democracia como experiencia y posibilidad  
260 |a San José:   |b ICADIS  
300 |a 86 p.   |b **no definido**  
999 |c 1679  |d 1679